000 00349nam a2200133Ia 4500
008 240624s9999 xx 000 0 und d
041 _aeng
082 _a302.35 PER
100 _aPERROW CHARLES
245 _aORGANIZING AMERICA WEALTH POWER AND THE
260 _c2005
_aNew Jersey
_bPrinceton University Press
300 _a272 : p.
365 _c
_b28
999 _c21058
_d21058